Missing Word: The Who Song Titles Quiz Stats

 Plays Quiz Updated Oct 18, 2016

Challenge
Share
Tweet
Embed
Score 0/20 Timer 02:00
0 Plays Today
Song Title Missing Word % Correct
I Can See for ______Miles
89.4%
______ WizardPinball
87.5%
______ GenerationMy
86.4%
The ______ Are AlrightKids
84.4%
Won't Get ______ AgainFooled
76.7%
______ O'RileyBaba
74.8%
See Me, ______ MeFeel
67.4%
____ Are YouWho
66.2%
Anyway, ______, AnywhereAnyhow
64.2%
______ BusMagic
62.9%
Song Title Missing Word % Correct
______ Blue EyesBehind
60.8%
You ______, You BetBetter
57.2%
Love, ______ O'er MeReign
50.1%
______ BoxSqueeze
42.3%
The ______ MeReal
38.5%
______ JackHappy
37.1%
Eminence ______Front
34.5%
______ the SpiderBoris
34.2%
____ of LilyPictures
30.2%
______ KidSlip
14.7%

Today's Daily Dose

You're not logged in!

Compare scores with friends on all Sporcle quizzes.
Join for Free
OR
Log In

You Might Also Like...

Show Comments

Extras

Top Quizzes Today


Score Distribution

Your Account Isn't Verified!

In order to create a playlist on Sporcle, you need to verify the email address you used during registration. Go to your Sporcle Settings to finish the process.

Report this User

Report this user for behavior that violates our Community Guidelines.

Details: